Normal view MARC view

Entry Topical Term

Number of records used in: 1

001 - CONTROL NUMBER

  • control field: 22699

003 - CONTROL NUMBER IDENTIFIER

  • control field: OSt

005 - DATE AND TIME OF LATEST TRANSACTION

  • control field: 20210220125634.0

008 - FIXED-LENGTH DATA ELEMENTS

  • fixed length control field: 210220|| aca||aabn | a|a d

040 ## - CATALOGING SOURCE

  • Original cataloging agency: OSt
  • Transcribing agency: OSt

150 ## - HEADING--TOPICAL TERM

  • Topical term or geographic name entry element: Segregation, Social networks, Decision-making, School mobility

670 ## - SOURCE DATA FOUND

  • Source citation: Work cat.: (OSt): Will, J.B. Grigg, J.A. Nerenberg, K.M. 22698, Socially-structured mobility networks and school segregation dynamics: The role of emergent consideration sets

Powered by Koha